All Pro League Players 24/25 - Statistieken

Algemene statistieken
  • Deze quiz is 11 keer genomen
    8 sinds de laatste reset
  • De gemiddelde score is 17 van 136
Antwoordstatistieken
Hint Player % Correct
Club Brugge-Belgium-GK Simon Mignolet
88%
Club Brugge-Ecuador-CB Joel Ordóñez
63%
Club Brugge-Belgium-GK Nordin Jackers
63%
Club Brugge-Switzerland/North Macedonia-CDM Ardon Jashari
50%
Club Brugge-Netherlands-LB Bjorn Meijer
50%
Club Brugge-Belgium-CAM Hans Vanaken
50%
Club Brugge-Belgium-LB Joaquin Seys
50%
Club Brugge-Belgium-RB Kyriani Sabbe
50%
Club Brugge-Denmark-CM Casper Nielsen
38%
Club Brugge-Greece-LW Christos Tzolis
38%
RSC Anderlecht-Belgium-GK Colin Coosemans
38%
Club Brugge-Netherlands-GK Dani van den Heuvel
38%
Club Brugge-Spain-ST Ferran Jutglà
38%
Club Brugge-Sweden-ST Gustaf Nilsson
38%
Club Brugge-Norway-CM Hugo Vetlessen
38%
RSC Anderlecht-Belgium-CB Jan Vertonghen
38%
Club Brugge-Belgium-CB Jorne Spileers
38%
RSC Anderlecht-Denmark-ST Kasper Dolberg
38%
Club Brugge-Poland-RW Michal Skoras
38%
Club Brugge-Nigeria-CDM Raphael Onyedika
38%
Club Brugge-Belgium-ST Romeo Vermant
38%
RSC Anderlecht-Belgium-CAM Yari Verschaeren
38%
RSC Anderlecht-Morocco/Belgium-RB Ali Maamar
25%
Club Brugge-Belgium-CB Brandon Mechelen
25%
Club Brugge/Morocco-RW Chemsdine Talbi
25%
Club Brugge-Belgium-RB Hugo Siquet
25%
KRC Genk-South Korea-ST Hyeon-gyu Oh
25%
KRC Genk-Greece-Belgium-CAM Konstantinos Karetsas
25%
RSC Anderlecht-Belgium-CDM Leander Dendoncker
25%
RSC Anderlecht-Denmark-CB Lucas Hey
25%
RSC Anderlecht-Sweden-LB Ludwig Augustinsson
25%
RSC Anderlecht-Argentina-ST Luis Vázquez
25%
KAA Gent-England-ST Max Dean
25%
Club Brugge-Belgium-LB Maxim De Cuyper
25%
Club Brugge-Argentina/Syria-CB Zaid Romero
25%
KAA Gent-Iceland-ST Andri Gudjohnsen
13%
Union Saint-Gilloise-Luxembourg/Belgium-GK Anthony Moris
13%
KRC Genk-Belgium-CM Bryan Heynen
13%
RSC Anderlecht-Mexico-LW César Huerta
13%
KRC Genk-Belgium-GK Hendrik Van Crombrugge
13%
RSC Anderlecht-Serbia-CB Jan-Carlo Simić
13%
KRC Genk-Belgium-RW Jarne Steuckers
13%
KRC Genk-DR Congo/Belgium-LB Joris Kayembe
13%
Union Saint-Gilloise-Belgium-CM Kamiel Van De Perre
13%
RSC Anderlecht-Japan-ST Keisuke Goto
13%
RSC Anderlecht-Belgium/Cameroon Killian Sardella
13%
RSC Anderlecht-Denmark-GK Mads Kikkenborg
13%
RSC Anderlecht-Ghana-CM Majeed Ashimeru
13%
RSC Anderlecht-Belgium/DR Congo-CDM Marco Kana
13%
RSC Anderlecht-Belgium-CM Mario Stroeykens
13%
RSC Anderlecht-Belgium-CDM Mats Rits
13%
KRC Genk-Belgium-CB Matte Smets
13%
KRC Genk-Belgium-GK Mike Penders
13%
RSC Anderlecht-Senegal-LB Moussa N'Diaye
13%
KRC Genk-Spain/Nigeria-CB Mujaid Sadick
13%
RSC Anderlecht-Ecuador-LW Nilson Angulo
13%
KRC Genk-Slovakia-CM Patrik Hrosovsky
13%
RSC Anderlecht-England/Nigeria-LW Samuel Edozie
13%
Club Brugge-South Africa-LW Shandre Campbell
13%
KAA Gent-Belgium-CM Sven Kums
13%
RSC Anderlecht-Belgium-RB Thomas Foket
13%
RSC Anderlecht-Belgium-LW Thorgan Hazard
13%
RSC Anderlecht-Belgium-LW Tristan Degreef
13%
Club Brugge-Nigeria-CB Vince Osuji
13%
KRC Genk-Morocco/Belgium-RB Zakaria El Ouahdi
13%
KRC Genk-Venezuela/Colombia-CB Adrián Palacios
0%
RSC Anderlecht-Brazil-CB Adryelson
0%
KAA Gent-Netherlands/Cameroon-CAM Aimé Omgba
0%
Union Saint-Gilloise-Belgium/Spain-RM Alessio Castro-Montes
0%
Union Saint-Gilloise-Israel-RW Anan Khalaili
0%
KAA Gent-Denmark-CAM Andrew Hjulsager
0%
Union Saint-Gilloise-Belgium-CAM Anouar Ait El Hadj
0%
KAA Gent-England/Jamaica-LB Archie Brown
0%
KAA Gent-Japan-CM Atsuki Ito
0%
Club Brugge-Ivory Coast- CB Bi Abdoul Kader Yameogo
0%
KRC Genk-Belgium/Cameroon-CB Brad Manguelle
0%
KAA Gent-Belgium-GK Célestin De Schrevel
0%
Union Saint-Gilloise-Belgium-CDM Charles Vanhoutte
0%
Union Saint-Gilloise-England-CB Christian Burgess
0%
KRC Genk-Ghana-LW Christopher Bonsu Baahg
0%
KAA Gent-Belgium-ST Dante Vanzeir
0%
KAA Gent-Belgium-GK Davy Roef
0%
RSC Anderlecht-Morocco/France-ST Elyess Dao
0%
KRC Genk-Nigeria-ST Emmanuel Tolu Arokodare
0%
Union Saint-Gilloise-Belgium-CB Fedde Leysen
0%
KAA Gent-Switzerland-LW Franck Surdez
0%
Union Saint-Gilloise-Croatia-ST Franjo Ivanovic
0%
KAA Gent-Belgium-RB Gilles De Meyer
0%
Union Saint-Gilloise-Georgia/Belgium-GK Giorgi Kavlashvili
0%
Union Saint-Gilloise-Belgium-RB Guillaume François
0%
KAA Gent-Cape verde/Portugal-LW Hélio Varela
0%
Union Saint-Gilloise-Germany/Eritrea-LW Henok Teklab
0%
KAA Gent-Central African Republic/France-CB Hugo Gambor
0%
KAA Gent-Ivory Coast-ST Hyllarion Goore
0%
KRC Genk-Guinea-CDM Ibrahimo Sory Bangoura
0%
Union Saint-Gilloise-Sweden/Belgium-GK Joachim Imbrechts
0%
KAA Gent-Nigeria/Germany-CB Jordan Torunarigha
0%
KRC Genk-Belgium/DR Congo-CB Josue Kongolo
0%
KRC Genk-USA-RB Kayden Pierre
0%
KRC Genk-Belgium/DR Congo-RM Ken Nkuba
0%
Union Saint-Gilloise-Argentina/Italy-CB Kevin Mac Allister
0%
Union Saint-Gilloise-Ecuador-ST Kevin Rodríguez
0%
Union Saint-Gilloise-Japan-CB Koki Machida
0%
KAA Gent-Portugal/Cape Verde-CM Leonardo Lopes
0%
KAA Gent-Belgium-GK Louis Fortin
0%
KRC Genk-Belgium-LW Luca Oyen
0%
KRC Genk-Belgium-GK Lucca Brughmans
0%
Union Saint-Gilloise-Senegal-CB Mamadou Thierno Barry
0%
Union Saint-Gilloise-Switzerland/Cameroon-ST Marc Giger
0%
KAA Gent-Belgium-CM Mathias Delorge
0%
Union Saint-Gilloise-Norway-CM Mathias Rasmussen
0%
KAA Gent-Belgium-RM Matisse Samoise
0%
Union Saint-Gilloise-Ghana-ST Mohammed Fuseini
0%
KAA Gent-Sweden/Gambia-LW Momodou Lamin Sonko
0%
KRC Genk-Austria-CDM Nikolas Sattlberger
0%
KRC Genk-Belgium-LW Noah Adedeji-Sternberg
0%
KAA Gent-Senegal/Belgium-RB Noah Fadiga
0%
Union Saint-Gilloise-DR Congo-Belgium-CM Noah Sadiki
0%
KAA Gent-Israel/Portugal-CAM Omri Gandelman
0%
Union Saint-Gilloise-Senegal-LW Ousseynou Niang
0%
KAA Gent-Belgium-CAM Pieter Gerkens
0%
Union Saint-Gilloise-Canada/Nigeria-ST Promise David
0%
Union Saint-Gilloise-England-CB Ross Sykes
0%
KAA Gent-Cameroon-CB Samuel Kotto
0%
Union Saint-Gilloise-Morocco/France-LW Sofiane Boufal
0%
KAA Gent-Serbia-CB Stefan Mitrovic
0%
RSC Anderlecht-Belgium-CM Théo Leoni
0%
KRC Genk-Belgium-CM Thomas Claes
0%
KAA Gent-Portugal-LB Tiago Araújo
0%
KAA Gent-Belgium-CAM Tibe De Vlieger
0%
RSC Anderlecht-Belgium-GK Timon Vanhoutte
0%
KAA Gent-Belgium-GK Tom Vandenberghe
0%
KAA Gent-Japan-CB Tsuyoshi Watanabe
0%
Union Saint-Gilloise-Belgium-GK Vic Chambaere
0%
KRC Genk-Ecuador-LB Yaimar Medina
0%
KRC Genk-Nigeria-LW Yira Sor
0%
Geen overeenkomende quizzen gevonden
Scoreverdeling
Procent van Mensen met Elke Score
Percentiel versus Aantal Correcte Antwoorden
Uw Scoregeschiedenis
U heeft deze quiz nog niet genomen sinds de laatste reset